Tilastot visalle Maailman valtiot tyhjällä kartalla - Vaikea versio

Klikkaa tästä pelataksesi tätä visaa!

Yleistilastot

  • Tätä visaa on pelattu 5 320 kertaa
  • Keskiarvotulos 155 / 196

Vastaukset kartalla

Vastauksille on annettu kartalla punavihreä väri sen mukaan, kuinka moni on saanut sen oikein.
 

Vastaustilastot

Valtio% Oikein
Suomi
98%
Ruotsi
96%
Venäjä
96%
Saksa
95%
Kanada
94%
Kiina
94%
Latvia
94%
Norja
94%
Puola
94%
Ranska
94%
Viro
94%
Yhdysvallat
94%
Espanja
93%
Italia
93%
Liettua
93%
Ukraina
93%
Australia
92%
Brasilia
92%
Intia
92%
Meksiko
92%
Valko-Venäjä
92%
Egypti
91%
Itävalta
91%
Japani
91%
Portugali
91%
Slovakia
91%
Sveitsi
91%
Tanska
91%
Turkki
91%
Argentiina
90%
Etelä-Afrikka
90%
Kreikka
90%
Tšekki
90%
Unkari
90%
Chile
89%
Irak
89%
Iran
89%
Islanti
89%
Mongolia
89%
Etelä-Korea
88%
Kazakstan
88%
Pohjois-Korea
88%
Slovenia
88%
Yhdistynyt kuningaskunta
88%
Kongon demokraattinen tasavalta
87%
Kongon tasavalta
87%
Peru
87%
Romania
87%
Saudi-Arabia
87%
Thaimaa
87%
Bulgaria
86%
Indonesia
86%
Irlanti
86%
Kroatia
86%
Niger
86%
Serbia
86%
Uusi-Seelanti
86%
Belgia
85%
Kolumbia
85%
Marokko
85%
Nigeria
85%
Afganistan
84%
Alankomaat
84%
Algeria
84%
Bosnia ja Hertsegovina
84%
Kuuba
84%
Moldova
84%
Pakistan
84%
Uruguay
84%
Albania
83%
Andorra
83%
Israel
83%
Kenia
83%
Kosovo
83%
Libya
83%
Luxemburg
83%
Nepal
83%
Somalia
83%
Sudan
83%
Vatikaanivaltio
83%
Venezuela
83%
Vietnam
83%
Bolivia
82%
Etiopia
82%
Malta
82%
Oman
82%
Panama
82%
Paraguay
82%
Pohjois-Makedonia
82%
Jemen
81%
Madagaskar
81%
San Marino
81%
Syyria
81%
Turkmenistan
81%
Monaco
80%
Montenegro
80%
Norsunluurannikko
80%
Uzbekistan
80%
Ecuador
79%
Haiti
79%
Kypros
79%
Laos
79%
Liechtenstein
79%
Mali
79%
Namibia
79%
Tansania
79%
Tunisia
79%
Etelä-Sudan
78%
Filippiinit
78%
Georgia
78%
Keski-Afrikan tasavalta
78%
Myanmar
78%
Angola
77%
Armenia
77%
Guinea
77%
Jamaika
77%
Sri Lanka
77%
Tšad
77%
Ghana
76%
Honduras
76%
Malesia
76%
Nauru
76%
Papua-Uusi-Guinea
76%
Azerbaidžan
75%
Bangladesh
75%
Costa Rica
75%
Jordania
75%
Kirgisia
75%
Mauritania
75%
Qatar
75%
Bhutan
74%
Eritrea
74%
Sambia
74%
Senegal
74%
Suriname
74%
Taiwan
74%
Uganda
74%
Zimbabwe
74%
Dominica
73%
Guyana
73%
Togo
73%
Yhdistyneet arabiemiirikunnat
73%
Botswana
72%
Lesotho
72%
Libanon
72%
Malediivit
72%
Nicaragua
72%
Singapore
72%
Tadžikistan
72%
Bahama
71%
Dominikaaninen tasavalta
71%
Gambia
71%
Benin
70%
El Salvador
70%
Guatemala
70%
Kambodža
70%
Kamerun
70%
Liberia
70%
Mosambik
70%
Ruanda
70%
Kuwait
69%
Mauritius
69%
Mikronesia
69%
Päiväntasaajan Guinea
69%
Swazimaa
69%
Fidži
68%
Guinea-Bissau
68%
Itä-Timor
68%
Kap Verde
68%
Malawi
68%
Bahrain
67%
Belize
67%
Burkina Faso
67%
Marshallinsaaret
67%
Tuvalu
67%
Brunei
66%
Kiribati
66%
Saint Lucia
66%
Salomonsaaret
66%
Seychellit
66%
Sierra Leone
66%
Tonga
66%
Vanuatu
66%
Djibouti
65%
Gabon
65%
Samoa
65%
Barbados
64%
Burundi
64%
Komorit
64%
Saint Kitts ja Nevis
64%
Trinidad ja Tobago
64%
Palau
63%
Saint Vincent ja Grenadiinit
63%
Antigua ja Barbuda
61%
São Tomé ja Príncipe
61%
Grenada
60%

Tulosjakauma

Persentiili vastausten määrän mukaan

Jokaisen tuloksen saaneiden osuus

Tuloshistoriasi

Et ole pelannut tätä visaa